00906nam a2200277 i 4500001001000000003000900010005001700019007000300036008004100039020001800080040003000098041000800128082002900136100005000165245005100215250002300266260002000289264007800309300002700387336002700414337003400441338003000475500007300505650002400578650002600602000037717DO-SdBNP20260305095132.0ta121115s2018 dr 000 0 spa d a9789945455779 aDO-SdBNPbspacBNPHUerda aspa 4aRD861.44bB483o 20182221 aBeras Porrata, Miriamd1930-2009eautor4aut.10aOfrecer el corazón /cMirian Berras Porrata. aSegunda edición  aSanto Domingo : 4aSanto Domingo, República Dominicana : bEditorial Isla Negra,c©2018. a79 páginas ;c22 cm. atextobtxt2rdacontent asin mediaciónbn2rdamedia  avolumen bnc2rdacarrier aIncluye datos biográficos de la autora en la solapa de la cubierta 4aPoesía dominicana 4aLiteratura dominicana